Представление документа в формате RUSMARC

ПолеНазваниеЗначение
  Тип записи a
  Библиографический уровень a
001 Контрольный номер RU/CBS_UL/BASE/578096653
005 Дата корректировки 20250124001022.2
100 Данные общей обработки __
a Данные общей обработки 20180426d2018 ||| 0rusy0189 ca
101 Язык документа 0_
a Язык текста rus
102 Страна публикации __
a Страна публикации RU
105 Кодированные данные (монография) __
a Кодированные данные (монография) y###||||000|y
200 Заглавие и сведения об ответственности 1_
a Заглавие Код Горького
b Общее обозначение материала Текст
e Сведения, относящиеся к заглавию [о жизни и творчестве М. Горького]
f Первые сведения об ответственности И. Рыбин
300 Общие примечания __
a Общие примечания Ограничения по возрасту - 16+
461 Уровень набора _0
1 2000
a Культура
463 Уровень физической единицы _0
1 001RU/CBS_UL/BASE/577976524
1 2000
a № 9 (23 марта)
v С. 7: фото.
1 210
d 2018
600 Персоналии _0
a Персоналии (Фамилия) Горький
b Персоналии (Имя, инициалы) М.
606 Тематические рубрики 0_
a Основная рубрика Горький, Максим (1868-1936)
610 Ключевые слова 0_
a Ключевые слова литературоведение
a Ключевые слова писатели
a Ключевые слова советские писатели
a Ключевые слова советская литература
686 Индексы других классификаций __
a Классификационный индекс 83.3(2Рос=Рус)6
2 Код системы ББК
700 Автор _1
a Фамилия Рыбин
b Имя (инициалы) И.
801 Источник записи _0
a Страна RU
b Организация МБУК ЦБС г. Ульяновска
c Дата составления 20180426
g Правила каталогизации RCR
801 Источник записи _1
a Страна RU
b Организация МБУК ЦБС г. Ульяновска
c Дата составления 20180426
g Правила каталогизации RCR
901 Тип документа __
t Тип документа f
w Контрольный № источника RU/CBS_UL/BASE/577976524
910 Корректоры записи __
a Корректор записи Библиотека 8
938 Служебная информация __
a Имя БД period